| 000 | 01921nam a2200313 4500 | ||
|---|---|---|---|
| 003 | NALT | ||
| 005 | 20260319094144.0 | ||
| 008 | 251016b th ||||| |||| 00| 0 tha d | ||
| 020 | _a9786166210514 | ||
| 040 | _aNALT | ||
| 090 |
_aKS 61 _bพ534อ 2568 |
||
| 100 | 0 |
_aพัฒนาพร โกวพัฒนกิจ _964912 |
|
| 245 | 1 | 0 |
_aอำนาจควบคุม = _bCorporate control / _cพัฒนาพร โกวพัฒนกิจ. |
| 250 | _aพิมพ์ครั้งที่ 1. | ||
| 260 |
_aกรุงเทพฯ : _bจุฬาลงกรณ์มหาวิทยาลัย, _c2568. |
||
| 300 |
_a343 หน้า : _bภาพประกอบ, ตาราง, แผนภูมิ ; _c26 ซม. |
||
| 505 | _aบทที่ 1 ทฤษฎีองค์กรธุรกิจ -- บทที่ 2 อำนาจควบคุม -- บทที่ 3 ผู้มีอำนาจควบคุม -- บทที่ 4 ผู้มีอำนาจควบคุม ในกรณีเฉพาะของคนต่างด้าว -- บทที่ 5 หน้าที่ระมัดระวัง -- บทที่ 6 หน้าที่ซื่อสัตย์สุจริต. | ||
| 650 | 4 |
_aกฎหมายธุรกิจ _91624 |
|
| 650 | 4 |
_aองค์กรธุรกิจ _xกฎหมายและระเบียบข้อบังคับ _945007 |
|
| 650 | 4 |
_aองค์กรธุรกิจ _943825 |
|
| 650 | 4 |
_aผู้บริหารบริษัท _966779 |
|
| 650 | 4 |
_aกฎหมายบริษัท _937393 |
|
| 942 |
_2local _cLB |
||
| 996 |
_ajidapa.t _bACQSTF _c2025-10-16 |
||
| 996 |
_avaree.k _bLIBSTF _c2025-10-22 |
||
| 996 |
_asaiphon.d _bCATSTF _c2025-10-24 |
||
| 999 |
_c107372 _d107372 |
||
| 998 |
_j8 _k นายบัณฑิต อุทาวงค์ |
||